Countries Closest to Panama - Sudden Death - Statistics

General Stats
  • This quiz has been taken 35 times
  • The average score is 5 of 15
Answers on the Grid
Answers color-coded by a green-red scale on the quiz's grid according to % correct below.
Colombia
Costa Rica
Nicaragua
Venezuela
Honduras
Ecuador
El Salvador
Peru
Guatemala
Jamaica
Belize
Brazil
Haiti
Mexico
Cuba
Dominican Republic
United States
Canada
Guyana
Suriname
Bolivia
Paraguay
Uruguay
Argentina
Chile
Saint Vincent and the Grenadines
Barbados
Trinidad and Tobago
Tonga
Australia
 
Answer Stats
Answer % Correct
Costa Rica
57%
Honduras
57%
Ecuador
50%
Venezuela
50%
Colombia
43%
Guatemala
43%
Nicaragua
36%
Belize
29%
Brazil
29%
Mexico
29%
El Salvador
21%
Haiti
21%
Cuba
14%
Jamaica
14%
Peru
14%
No matching quizzes found
Score Distribution
Percent of People with Each Score
Percentile by Number Answered
Your Score History
You have not taken this quiz